Gĩkũyũ oral literature / (Record no. 29360)

000 -LEADER
fixed length control field 01029cam a2200313 a 4500
001 - CONTROL NUMBER
control field 2924454
005 - DATE AND TIME OF LATEST TRANSACTION
control field 20190222020058.0
008 - FIXED-LENGTH DATA ELEMENTS--GENERAL INFORMATION
fixed length control field 890405s1988 ke 000 0 eng
010 ## - LIBRARY OF CONGRESS CONTROL NUMBER
LC control number 88980857
020 ## - INTERNATIONAL STANDARD BOOK NUMBER
International Standard Book Number 9966463771 :
040 ## - CATALOGING SOURCE
Original cataloging agency DLC
Transcribing agency DLC
Modifying agency DLC
041 0# - LANGUAGE CODE
Language code of text/sound track or separate title engkik
043 ## - GEOGRAPHIC AREA CODE
Geographic area code f-ke---
050 ## - LIBRARY OF CONGRESS CALL NUMBER
Classification number PL 8013 .K33 1988
100 1# - MAIN ENTRY--PERSONAL NAME
Personal name Kabira, Wanjiku Mukabi.
245 10 - TITLE STATEMENT
Title Gĩkũyũ oral literature /
Statement of responsibility, etc. Wanjikũ Mũkabi Kabira and Karega Mũtahi.
260 ## - PUBLICATION, DISTRIBUTION, ETC. (IMPRINT)
Place of publication, distribution, etc. Nairobi :
Name of publisher, distributor, etc. E.A.E.P.
Date of publication, distribution, etc. 1988.
300 ## - PHYSICAL DESCRIPTION
Extent vi, 167 p. ;
Dimensions 21 cm.
500 ## - GENERAL NOTE
General note English and Kikuyu.
650 #0 - SUBJECT ADDED ENTRY--TOPICAL TERM
Topical term or geographic name as entry element Folk literature, Kikuyu.
650 #0 - SUBJECT ADDED ENTRY--TOPICAL TERM
Topical term or geographic name as entry element Folk songs, Kikuyu.
650 #0 - SUBJECT ADDED ENTRY--TOPICAL TERM
Topical term or geographic name as entry element Oral tradition
Geographic subdivision Kenya.
700 1# - ADDED ENTRY--PERSONAL NAME
Personal name Mutahi, E. Karega.
906 ## - LOCAL DATA ELEMENT F, LDF (RLIN)
a 7
b cbc
c orignew
d 3
e ncip
f 19
g y-gencatlg
942 ## - ADDED ENTRY ELEMENTS (KOHA)
Source of classification or shelving scheme
Koha item type Africana (Books)
Classification part PL 8013 .K33 1988
Koha issues (borrowed), all copies 1
Holdings
Withdrawn status Lost status Source of classification or shelving scheme Damaged status Not for loan Home library Current library Shelving location Date acquired Source of acquisition Total Checkouts Full call number Barcode Date last seen Date last checked out Price effective from Koha item type
          MACHAKOS UNIVERSITY LIBRARY MACHAKOS UNIVERSITY LIBRARY Africana 05/12/2017 PURCHASE (TEXTBOOK) 4 PL 8013 .K33 1988 37541 11/03/2026 11/03/2026 05/12/2017 Africana (Books)
          MACHAKOS UNIVERSITY LIBRARY MACHAKOS UNIVERSITY LIBRARY Africana 05/12/2017 PURCHASE (TEXTBOOK) 1 PL 8013 .K33 1988 37542 12/06/2021 12/06/2021 05/12/2017 Africana (Books)
          MACHAKOS UNIVERSITY LIBRARY MACHAKOS UNIVERSITY LIBRARY Africana 05/12/2017 PURCHASE (TEXTBOOK) 1 PL 8013 .K33 1988 37543 10/02/2020 10/02/2020 05/12/2017 Africana (Books)
          MACHAKOS UNIVERSITY LIBRARY MACHAKOS UNIVERSITY LIBRARY Africana 05/12/2017 PURCHASE (TEXTBOOK) 2 PL 8013 .K33 1988 37544 20/02/2020 20/02/2020 05/12/2017 Africana (Books)
          MACHAKOS UNIVERSITY LIBRARY MACHAKOS UNIVERSITY LIBRARY Africana 05/12/2017 PURCHASE (TEXTBOOK) 3 PL 8013 .K33 1988 37545 17/02/2020 17/02/2020 05/12/2017 Africana (Books)
© Machakos University Library, Along The Highway, Machakos Wote Rd, Machakos, Kenya P.O. Box 136 - 90100 Machakos - Kenya

Tel: ( +254 ) 723 805829 OR Fax : 044-20353 OR Email: library@mksu.ac.ke